[Event "OHS 2020"]
[Site "Herne-Sodingen"]
[Date "2020.01.28"]
[Round "1.1"]
[White "Quast, Marcel"]
[Black "Koch, Burkhard"]
[Result "1-0"]
[WhiteElo "2236"]
[BlackElo "1694"]
[PlyCount "103"]
[EventDate "2020.??.??"]
[WhiteTeam "SC Gerthe 46 - Werne"]
[BlackTeam "SG Höntrop 1947"]

1. e4 e6 2. d3 d5 3. Nd2 c5 4. Ngf3 Nc6 5. g3 Nf6 6. Bg2 Be7 7. O-O O-O 8. Re1
Qc7 9. Nf1 d4 10. e5 Nd5 11. h4 Bd7 12. h5 f6 13. exf6 Bxf6 14. N1h2 Ne5 15.
Ng5 Bxg5 16. Bxg5 Nf7 17. Bd2 Nf6 18. h6 g6 19. Nf3 e5 20. Ng5 Nxg5 21. Bxg5
Rae8 22. Qe2 Bc6 23. Bxf6 Rxf6 24. Bxc6 Qxc6 25. Qe4 Qxe4 26. Rxe4 Kf7 27. Rae1
Rfe6 28. Kg2 Kf6 29. a4 b6 30. b3 a6 31. Kf3 Kg5 32. Rh1 Rf8+ 33. Kg2 Rfe8 34.
f3 Kf5 35. Rhe1 g5 36. Rh1 Rg8 37. Rh5 Rgg6 38. Rg4 Kf6 39. Kh3 Kf5 40. f4 exf4
41. Rxf4+ Ke5 42. Re4+ Kd6 43. Rxe6+ Kxe6 44. Kg4 Kf6 45. Rh2 Ke6 46. Re2+ Kd5
47. Kh5 b5 48. axb5 axb5 49. Re7 Re6 50. Rxh7 Re2 51. Rh8 Rxc2 52. h7 1-0

[Event "OHS 2020"]
[Site "Herne-Sodingen"]
[Date "2020.01.28"]
[Round "1.2"]
[White "Tolksdorf, Jürgen"]
[Black "Koscielski, Janusz"]
[Result "0-1"]
[WhiteElo "1679"]
[BlackElo "2215"]
[PlyCount "44"]
[EventDate "2020.??.??"]
[WhiteTeam "SG Höntrop 1947"]
[BlackTeam "SV Wattenscheid 1930 e"]

1. e4 c5 2. Nf3 d6 3. Nc3 Nf6 4. d4 cxd4 5. Nxd4 a6 6. f3 e5 7. Nf5 Bxf5 8.
exf5 d5 9. Bg5 Bb4 10. Qe2 O-O 11. O-O-O Bxc3 12. bxc3 Nc6 13. g4 Qd6 14. Bxf6
gxf6 15. Qd2 d4 16. cxd4 Qa3+ 17. Kb1 Nxd4 18. f4 Rfc8 19. Bd3 e4 20. Bxe4 Nb5
21. Bd5 Nc3+ 22. Ka1 Rd8 0-1

[Event "OHS 2020"]
[Site "Herne-Sodingen"]
[Date "2020.01.28"]
[Round "1.3"]
[White "Kiese, Matthias"]
[Black "Dreckmann, Günter"]
[Result "1-0"]
[WhiteElo "2176"]
[BlackElo "1671"]
[PlyCount "35"]
[EventDate "2020.??.??"]
[WhiteTeam "Bochumer SV 02"]
[BlackTeam "SV Königsspringer Halt"]

1. d4 g6 2. Nf3 Bg7 3. g3 c5 4. dxc5 a5 5. Bg2 Na6 6. O-O Nxc5 7. c4 Nf6 8. Nc3
O-O 9. Nd4 Ng4 10. b3 Ne6 11. e3 Ne5 12. Ndb5 Nc6 13. Bb2 Nc5 14. Qd2 a4 15.
Nd5 axb3 16. Bxg7 Kxg7 17. axb3 Na5 18. Qc3+ 1-0

[Event "OHS 2020"]
[Site "Herne-Sodingen"]
[Date "2020.01.28"]
[Round "1.4"]
[White "Ponto, Michael"]
[Black "Ophüls, Jan"]
[Result "0-1"]
[WhiteElo "1618"]
[BlackElo "2090"]
[PlyCount "116"]
[EventDate "2020.??.??"]
[WhiteTeam "SV Horst-Emscher 31"]
[BlackTeam "SK Turm Rheydt 1929 e. V"]

1. c4 Nf6 2. Nc3 g6 3. Nf3 Bg7 4. e4 d6 5. Be2 O-O 6. O-O Nc6 7. d4 e5 8. dxe5
Nxe5 9. Nxe5 dxe5 10. Bg5 c6 11. Qc2 Be6 12. Rad1 Qc7 13. b4 Rfd8 14. a4 Rd4
15. Be3 Rd7 16. Rxd7 Nxd7 17. a5 b6 18. Ra1 Bf8 19. axb6 Nxb6 20. Na4 Nd7 21.
Qc3 Rb8 22. c5 f5 23. exf5 Bxf5 24. Qc4+ Kh8 25. g4 Nf6 26. gxf5 gxf5 27. Qe6
Nd5 28. Bc4 Rxb4 29. Bxd5 cxd5 30. Qxf5 Bg7 31. Bd2 Rd4 32. Bc3 Rf4 33. Qe6 Qd8
34. Kh1 d4 35. Rd1 Qa8+ 36. c6 dxc3 37. Nxc3 Rxf2 38. Kg1 Rf6 39. Qd7 Qf8 40.
Ne4 Rg6+ 41. Ng3 Qc5+ 42. Kg2 Rxc6 43. Qe8+ Bf8 44. Rd8 Rf6 45. Rd2 a5 46. Re2
Qd5+ 47. Kg1 Qd4+ 48. Kg2 a4 49. Qxe5 Qxe5 50. Rxe5 a3 51. Ra5 Rc6 52. Ra8 Kg8
53. Nf5 Rc2+ 54. Kg3 a2 55. h4 Kf7 56. Nd4 Rc3+ 57. Kf4 Ra3 58. Rxa3 Bxa3 0-1

[Event "OHS 2020"]
[Site "Herne-Sodingen"]
[Date "2020.01.28"]
[Round "1.5"]
[White "Hammerich, Simon"]
[Black "Eibl, Rüdiger"]
[Result "1-0"]
[WhiteElo "2032"]
[BlackElo "1605"]
[PlyCount "71"]
[EventDate "2020.??.??"]
[WhiteTeam "SC Buer-Hassel 1919 e. V."]
[BlackTeam "SC Buer-Hassel 1919 e. V."]

1. e4 d6 2. d4 Nf6 3. Nc3 e5 4. Nge2 Nbd7 5. g3 exd4 6. Nxd4 Ne5 7. Bg2 Bg4 8.
f3 Bd7 9. O-O Be7 10. h3 O-O 11. f4 Nc6 12. Nde2 a6 13. a4 Rb8 14. a5 Nb4 15.
Be3 c5 16. g4 Nc6 17. g5 Ne8 18. Nd5 Nc7 19. Qd2 Nxd5 20. exd5 Na7 21. c4 b5
22. b4 bxc4 23. bxc5 Nb5 24. c6 Bf5 25. Nc3 Qc8 26. Kh2 Nxc3 27. Qxc3 Rb3 28.
Qd4 Re8 29. Rf3 Bd8 30. Bd2 Rd3 31. Rxd3 Bxd3 32. Bc3 f6 33. Bf3 Qf5 34. Rg1
Be4 35. Qe3 Kf7 36. Re1 1-0

[Event "OHS 2020"]
[Site "Herne-Sodingen"]
[Date "2020.01.28"]
[Round "1.6"]
[White "Berthy, Andreas"]
[Black "Wolff, Christoph"]
[Result "0-1"]
[WhiteElo "1605"]
[BlackElo "1964"]
[PlyCount "80"]
[EventDate "2020.??.??"]
[WhiteTeam "vereinslos"]
[BlackTeam "SC Buer-Hassel 1919 e. V."]

1. e4 c5 2. c4 Nc6 3. Nf3 g6 4. d4 cxd4 5. Nxd4 Bg7 6. Be3 Nf6 7. Nc3 Qa5 8. f3
O-O 9. Be2 d6 10. Qd2 a6 11. O-O Nd7 12. Rac1 Nc5 13. Nxc6 bxc6 14. Bh6 Qb6 15.
Be3 Qc7 16. b4 Ne6 17. f4 c5 18. Nd5 Qd8 19. f5 Nd4 20. f6 exf6 21. Bxd4 cxd4
22. Qxd4 f5 23. Qd3 Qg5 24. Nb6 fxe4 25. Qxe4 Bf5 26. Qf4 Qxf4 27. Rxf4 Bh6 28.
Rf3 Bxc1 29. Nxa8 Rxa8 30. Kf2 Re8 31. h3 Bd7 32. Rd3 Bf4 33. g3 Be5 34. h4 h5
35. Bf3 Bf5 36. Rd2 Rc8 37. b5 Rxc4 38. b6 Bd4+ 39. Rxd4 Rxd4 40. b7 Rb4 0-1

[Event "OHS 2020"]
[Site "Herne-Sodingen"]
[Date "2020.01.28"]
[Round "1.7"]
[White "Schmidt, Ralph"]
[Black "Deutschmann, Jürgen"]
[Result "1-0"]
[WhiteElo "1913"]
[BlackElo "1580"]
[PlyCount "88"]
[EventDate "2020.??.??"]
[WhiteTeam "SV Bochum-Linden-Dahlh"]
[BlackTeam "SV Hattingen e. V."]

1. e4 c6 2. Nc3 d5 3. Qf3 dxe4 4. Nxe4 Qd5 5. Ne2 Nd7 6. N2c3 Qe6 7. Qe3 Ngf6
8. Bc4 Qe5 9. d4 Qc7 10. Ng5 Nb6 11. Bxf7+ Kd8 12. Be6 Rg8 13. Bxg8 Nxg8 14.
Ne6+ Bxe6 15. Qxe6 Nf6 16. Ne4 Qd7 17. Qxd7+ Kxd7 18. Nc5+ Kc8 19. Ne6 Kd7 20.
Nxf8+ Rxf8 21. f3 Nbd5 22. Bd2 Re8 23. O-O-O h6 24. Rhe1 a5 25. a3 a4 26. Re2
Nh5 27. Rde1 Nhf4 28. Bxf4 Nxf4 29. Re4 Nd5 30. Kd2 b5 31. b3 axb3 32. cxb3 Ra8
33. Ra1 Nf6 34. Re5 Kd6 35. a4 e6 36. Ree1 b4 37. Kd3 Nd5 38. g3 g5 39. Re5 c5
40. Rae1 cxd4 41. Rxe6+ Kc5 42. R1e4 Rxa4 43. bxa4 b3 44. Rxd4 Nb6 1-0

[Event "OHS 2020"]
[Site "Herne-Sodingen"]
[Date "2020.01.28"]
[Round "1.8"]
[White "Picker, Andre"]
[Black "Wiechen, Ulrich"]
[Result "0-1"]
[WhiteElo "1559"]
[BlackElo "1910"]
[PlyCount "108"]
[EventDate "2020.??.??"]
[WhiteTeam "SC an der Uni Bochum 196"]
[BlackTeam "SC Buer-Hassel 1919 e. V."]

1. d4 d5 2. Nf3 Nf6 3. Nc3 Bf5 4. e3 e6 5. Bd3 Bd6 6. Nb5 Be7 7. Nc3 Nbd7 8.
Bd2 c6 9. Bxf5 exf5 10. h3 Ne4 11. Nxe4 fxe4 12. Nh2 Qc7 13. a3 Bd6 14. Nf1 a5
15. Qg4 O-O 16. Ng3 Nf6 17. Qh4 Bxg3 18. fxg3 Rfe8 19. O-O Re6 20. g4 c5 21. c3
a4 22. Qf2 h6 23. Qh4 Qe7 24. Qg3 Nd7 25. Rf5 Nb6 26. Raf1 f6 27. h4 Nc4 28.
Bc1 cxd4 29. cxd4 Qd6 30. Qe1 Ra6 31. g5 Rb6 32. gxf6 Rxf6 33. Qe2 Rxf5 34.
Rxf5 Rb3 35. Rf1 Qg3 36. Qc2 Kh7 37. h5 Nxe3 38. Bxe3 Qxe3+ 39. Kh1 Qg5 40. Qe2
Rd3 41. Qf2 Qxh5+ 42. Kg1 Rd1 43. Rxd1 Qxd1+ 44. Kh2 Qh5+ 45. Kg1 Qg6 46. Qe3
h5 47. Kh1 Qg4 48. Kg1 h4 49. Qf2 h3 50. g3 Qf3 51. Qh2 Qd1+ 52. Kf2 Qd2+ 53.
Kg1 Qxh2+ 54. Kxh2 e3 0-1

[Event "OHS 2020"]
[Site "Herne-Sodingen"]
[Date "2020.01.28"]
[Round "1.9"]
[White "Czarnik, Jozef"]
[Black "Bialas, Jan-Philip"]
[Result "1/2-1/2"]
[WhiteElo "1897"]
[BlackElo "1558"]
[PlyCount "84"]
[EventDate "2020.??.??"]
[WhiteTeam "SV Königsspringer Halt"]
[BlackTeam "SV Datteln 1924"]

1. e4 c5 2. Nf3 Nc6 3. Nc3 g6 4. d4 cxd4 5. Nxd4 Bg7 6. Nxc6 bxc6 7. Be2 Rb8 8.
O-O Qa5 9. Qd3 d6 10. Bd2 Nf6 11. b4 Qd8 12. Rab1 O-O 13. Rfd1 Bg4 14. f3 Be6
15. Be3 Qc7 16. Bf2 Nd7 17. f4 f5 18. g3 fxe4 19. Nxe4 Bxa2 20. Ra1 Bxa1 21.
Rxa1 Bd5 22. Ng5 e5 23. c4 Bf7 24. Rxa7 Rb7 25. Rxb7 Qxb7 26. Qxd6 h6 27. Ne4
exf4 28. gxf4 Re8 29. Qd4 c5 30. Qxd7 Qxe4 31. Bd3 Qxf4 32. bxc5 Qg5+ 33. Kf1
Rd8 34. Qh3 Qf4 35. Kg2 h5 36. c6 Qg4+ 37. Qxg4 hxg4 38. c7 Re8 39. c5 Be6 40.
Bxg6 Ra8 41. Kg3 Ra7 42. Be4 Rxc7 1/2-1/2

[Event "OHS 2020"]
[Site "Herne-Sodingen"]
[Date "2020.01.28"]
[Round "1.10"]
[White "Brodt, Andreas"]
[Black "Löffelbein, Klaus"]
[Result "0-1"]
[WhiteElo "1534"]
[BlackElo "1843"]
[PlyCount "50"]
[EventDate "2020.??.??"]
[WhiteTeam "SC Gerthe 46 - Werne"]
[BlackTeam "SC Gerthe 46 - Werne"]

1. e4 e6 2. Nf3 d5 3. Nc3 d4 4. Ne2 c5 5. c3 Nc6 6. cxd4 cxd4 7. Qa4 Bc5 8. Ne5
Bd7 9. Nxd7 Qxd7 10. a3 Rd8 11. d3 Nge7 12. Bg5 f6 13. Bh4 Bb6 14. Rc1 h5 15.
f4 Rg8 16. Qb5 e5 17. f5 Qd6 18. Rc2 Rd7 19. Nc1 g6 20. Be2 Kd8 21. g4 hxg4 22.
Bxg4 gxf5 23. Bxf5 Nxf5 24. exf5 Rh7 25. Bg3 Rxg3 0-1

[Event "OHS 2020"]
[Site "Herne-Sodingen"]
[Date "2020.01.28"]
[Round "1.11"]
[White "Wiese, Thomas"]
[Black "Lojack, Rouven"]
[Result "1-0"]
[WhiteElo "1837"]
[BlackElo "1527"]
[PlyCount "41"]
[EventDate "2020.??.??"]
[WhiteTeam "SV Kamen 1930"]
[BlackTeam "SV Königsspringer Halt"]

1. e4 c5 2. c3 Nc6 3. d4 cxd4 4. cxd4 Nf6 5. Nc3 d6 6. Nf3 Bg4 7. d5 Ne5 8.
Nxe5 dxe5 9. f3 Bd7 10. Be3 a6 11. Qb3 b5 12. a4 e6 13. axb5 axb5 14. Rxa8 Qxa8
15. dxe6 fxe6 16. Bxb5 Qa1+ 17. Kf2 Qxh1 18. Qxe6+ Be7 19. Bc5 Kd8 20. Bxe7+
Kc8 21. Qa6+ 1-0

[Event "OHS 2020"]
[Site "Herne-Sodingen"]
[Date "2020.01.28"]
[Round "1.12"]
[White "Krolik, Wilfried"]
[Black "Melmer, Felix"]
[Result "0-1"]
[WhiteElo "1503"]
[BlackElo "1833"]
[PlyCount "60"]
[EventDate "2020.??.??"]
[WhiteTeam "SV Waltrop 1922 e. V."]
[BlackTeam "SC Gerthe 46 - Werne"]

1. e4 c5 2. Nf3 Nc6 3. d4 cxd4 4. Nxd4 g6 5. Nc3 Bg7 6. Be3 Nf6 7. Bb5 Qa5 8.
Bxc6 bxc6 9. O-O O-O 10. Re1 Rb8 11. Nb3 Qc7 12. f3 d6 13. Qd2 Rd8 14. Qf2 c5
15. Rab1 Be6 16. Red1 a5 17. e5 Nd7 18. exd6 exd6 19. Qe2 Ne5 20. Nd5 Bxd5 21.
Rxd5 Re8 22. Bf4 c4 23. Nxa5 Nc6 24. Qxc4 Qa7+ 25. Kf1 Nxa5 26. Qa4 Qa6+ 27. c4
Qxc4+ 28. Qxc4 Nxc4 29. b3 Be5 30. Rc1 Nb6 0-1

[Event "OHS 2020"]
[Site "Herne-Sodingen"]
[Date "2020.01.28"]
[Round "1.13"]
[White "Boost, Jürgen"]
[Black "Heiduk, Christopher"]
[Result "1-0"]
[WhiteElo "1807"]
[BlackElo "1500"]
[PlyCount "57"]
[EventDate "2020.??.??"]
[WhiteTeam "SC Gerthe 46 - Werne"]
[BlackTeam "SV Datteln 1924"]

1. e4 c6 2. d4 d5 3. exd5 cxd5 4. Bd3 Nc6 5. c3 Nf6 6. Nf3 Bg4 7. h3 Bh5 8.
Nbd2 e5 9. dxe5 Nxe5 10. Qa4+ Nc6 11. O-O Qc7 12. Bb5 Be7 13. Nd4 O-O 14. Bxc6
bxc6 15. Qxc6 Qb8 16. N2f3 Rc8 17. Qa4 Bc5 18. Qb3 Qc7 19. Qd1 Rab8 20. Nb3 Bb6
21. Bg5 Bxf3 22. Qxf3 Ne4 23. Bf4 Qe7 24. Bxb8 Rxb8 25. Rad1 Nxf2 26. Rxf2
Bxf2+ 27. Qxf2 Rd8 28. Qd4 Qe2 29. c4 1-0

[Event "OHS 2020"]
[Site "Herne-Sodingen"]
[Date "2020.01.28"]
[Round "1.14"]
[White "Böcher, Joachim"]
[Black "Gritzan, Ulrich"]
[Result "0-1"]
[WhiteElo "1480"]
[BlackElo "1805"]
[PlyCount "100"]
[EventDate "2020.??.??"]
[WhiteTeam "SG Höntrop 1947"]
[BlackTeam "SF Gelsenkirchen 2002"]

1. d4 Nf6 2. Nf3 e6 3. c4 d5 4. Nc3 Nbd7 5. Bg5 Be7 6. e3 O-O 7. Bd3 h6 8. Bh4
c6 9. O-O Re8 10. Qc2 Nf8 11. Ne5 N6d7 12. Bg3 Nxe5 13. Bxe5 Bd7 14. a3 Rc8 15.
Qe2 Bf6 16. f4 Re7 17. f5 dxc4 18. Bxc4 exf5 19. Qh5 Be6 20. Bd3 Bg5 21. Rae1
Ng6 22. Bxf5 Bxf5 23. Rxf5 Nxe5 24. Rxe5 Rxe5 25. dxe5 Qb6 26. Qe2 Re8 27. Ne4
Rxe5 28. Nxg5 Rxg5 29. Rd1 Re5 30. Rd3 a5 31. Qd2 Kh7 32. Rc3 Rb5 33. b3 Kg8
34. Qc2 Re5 35. Kf2 Qd8 36. g3 Qf6+ 37. Kg1 Rf5 38. Rc4 Rf1+ 39. Kg2 Qf3+ 40.
Kh3 Rf2 41. Qe4 Qh5+ 42. Qh4 Qd1 43. Rf4 Qf1+ 44. Kg4 f5+ 45. Kxf5 Qd3+ 46. e4
Qd7+ 47. Kg6 Qe6+ 48. Kh5 g5 49. Rg4 Kh7 50. Rxg5 hxg5 0-1

[Event "OHS 2020"]
[Site "Herne-Sodingen"]
[Date "2020.01.28"]
[Round "1.15"]
[White "Boxberg, Olaf"]
[Black "Bock, Oswin"]
[Result "1/2-1/2"]
[WhiteElo "1796"]
[BlackElo "1426"]
[PlyCount "59"]
[EventDate "2020.??.??"]
[WhiteTeam "SV Datteln 1924"]
[BlackTeam "SG Höntrop 1947"]

1. f4 d5 2. e3 Nf6 3. Nf3 h6 4. d4 Bg4 5. Bd3 c6 6. Nbd2 Nbd7 7. h3 Bxf3 8.
Nxf3 e6 9. O-O Be7 10. Ne5 O-O 11. Qf3 a6 12. g4 Ne4 13. Bxe4 dxe4 14. Qxe4 f5
15. Qf3 fxg4 16. hxg4 Nxe5 17. dxe5 Qe8 18. e4 Qg6 19. f5 Bc5+ 20. Kg2 exf5 21.
exf5 Qf7 22. Be3 Bxe3 23. Qxe3 Qd5+ 24. Qf3 Qxe5 25. Qb3+ Kh8 26. Rae1 Qd4 27.
Kf3 Rab8 28. Re4 Qf6 29. Re6 Qh4 30. Rg6 1/2-1/2

[Event "OHS 2020"]
[Site "Herne-Sodingen"]
[Date "2020.01.28"]
[Round "1.16"]
[White "Deno, Thomas"]
[Black "Kleinert, Andreas"]
[Result "0-1"]
[WhiteElo "1377"]
[BlackElo "1767"]
[PlyCount "60"]
[EventDate "2020.??.??"]
[WhiteTeam "SC Buer-Hassel 1919 e. V."]
[BlackTeam "SF Gelsenkirchen 2002"]

1. e4 d6 2. Nf3 Nf6 3. Nc3 e5 4. d3 Be7 5. h3 Nc6 6. Be2 O-O 7. O-O Ne8 8. Nh2
f5 9. f4 fxe4 10. dxe4 exf4 11. Bxf4 Nf6 12. Qd2 Be6 13. Rad1 Ne5 14. b3 a6 15.
a4 Qe8 16. Qe3 Qc6 17. Bxe5 dxe5 18. Kh1 Bb4 19. Nd5 Bxd5 20. exd5 Qxc2 21. Rc1
Qe4 22. Qxe4 Nxe4 23. Rxf8+ Rxf8 24. Bf3 Ng3+ 25. Kg1 Rxf3 26. Nxf3 Ne2+ 27.
Kf2 Nxc1 28. Nxe5 Nxb3 29. Nc4 Nc5 30. a5 Nb3 0-1

[Event "OHS 2020"]
[Site "Herne-Sodingen"]
[Date "2020.01.28"]
[Round "1.17"]
[White "Kowalczyk, Frank"]
[Black "Scheithauer, Ralf"]
[Result "1-0"]
[WhiteElo "1754"]
[BlackElo "1313"]
[PlyCount "63"]
[EventDate "2020.??.??"]
[WhiteTeam "SK Sodingen/Castrop 24/23 e. V."]
[BlackTeam "Bochumer SV 02"]

1. e4 e5 2. Nf3 Nc6 3. Bc4 Be7 4. d3 Nf6 5. c3 d6 6. h3 a6 7. Bb3 Bd7 8. Nbd2
Na5 9. Bc2 O-O 10. Nf1 Re8 11. Ng3 b6 12. Bg5 Nb7 13. O-O Nc5 14. Nf5 Ne6 15.
Bd2 Bb5 16. a4 Bc6 17. Qe2 a5 18. d4 exd4 19. cxd4 Nf8 20. d5 Bb7 21. Bd3 Ng6
22. Bb5 Rf8 23. N3d4 Ne5 24. Rac1 Nfd7 25. f4 Ng6 26. Bc6 Nc5 27. Bxb7 Nxb7 28.
Nc6 Qd7 29. Qg4 Nc5 30. Rxc5 Qe8 31. Ncxe7+ Nxe7 32. Qxg7# 1-0

[Event "OHS 2020"]
[Site "Herne-Sodingen"]
[Date "2020.01.28"]
[Round "1.18"]
[White "Ehm, Christian"]
[Black "Schicktanz, Florian"]
[Result "0-1"]
[WhiteElo "1282"]
[BlackElo "1748"]
[PlyCount "62"]
[EventDate "2020.??.??"]
[WhiteTeam "Bochumer SV 02"]
[BlackTeam "SV Erkenschwick 1923 e"]

1. d4 f5 2. Nf3 Nf6 3. c4 e6 4. Nc3 b6 5. g3 Bb7 6. Bg2 Bb4 7. O-O O-O 8. a3
Bxc3 9. bxc3 Ne4 10. Bb2 Na6 11. Qc2 c5 12. Nd2 d5 13. cxd5 exd5 14. f3 Nd6 15.
Rad1 cxd4 16. Nb3 Nc4 17. Bc1 dxc3 18. f4 Qd6 19. Qxc3 Nc5 20. Qxc4 dxc4 21.
Rxd6 Bxg2 22. Kxg2 cxb3 23. Rfd1 Rfe8 24. Kf1 Ne4 25. Rd7 Nc5 26. Rc7 Rad8 27.
Ke1 Na4 28. Rxa7 b2 29. Bxb2 Nxb2 30. Rb1 Nc4 31. Kf2 Ra8 0-1

[Event "OHS 2020"]
[Site "Herne-Sodingen"]
[Date "2020.01.28"]
[Round "1.19"]
[White "Cobanoglu, Ferhat"]
[Black "Neumann, Frank"]
[Result "1-0"]
[WhiteElo "1743"]
[BlackElo "1266"]
[PlyCount "47"]
[EventDate "2020.??.??"]
[WhiteTeam "SK Sodingen/Castrop 24/23 e. V."]
[BlackTeam "SV Waltrop 1922 e. V."]

1. e4 e5 2. Nf3 Nc6 3. d3 Nf6 4. Be2 Bc5 5. O-O O-O 6. c3 d5 7. Nbd2 d4 8. cxd4
Nxd4 9. Nxe5 Nxe2+ 10. Qxe2 Bd6 11. Ndc4 Nd7 12. Nf3 b5 13. Nxd6 cxd6 14. Bg5
Qb6 15. Be3 Qd8 16. Nd4 a6 17. f4 Bb7 18. Nf5 Nf6 19. Bd4 Re8 20. Qf2 Bc8 21.
Ne3 h5 22. h3 Nh7 23. Nd5 Be6 24. Bb6 1-0

[Event "OHS 2020"]
[Site "Herne-Sodingen"]
[Date "2020.01.28"]
[Round "1.20"]
[White "Deppe, Stephan"]
[Black "Jähnicke, Karl-Heinz"]
[Result "1-0"]
[WhiteElo "1109"]
[BlackElo "1742"]
[PlyCount "121"]
[EventDate "2020.??.??"]
[WhiteTeam "SC an der Uni Bochum 196"]
[BlackTeam "SV Rochade Eving 25/64"]

1. e4 e5 2. Nf3 d6 3. d4 exd4 4. Nxd4 Nf6 5. Nc3 a6 6. Bc4 Be7 7. h3 O-O 8. O-O
Nxe4 9. Nxe4 d5 10. Bxd5 Qxd5 11. Nc3 Qa5 12. Nb3 Qe5 13. Re1 Qd6 14. Qf3 c6
15. Be3 Be6 16. Rad1 Qc7 17. Bf4 Qc8 18. Nd4 Bb4 19. a3 Bxc3 20. Qxc3 Bd5 21.
Qd3 Nd7 22. c4 Nc5 23. Qf1 Be4 24. b4 Bd3 25. Rxd3 Nxd3 26. Qxd3 Rd8 27. Qc3
Qd7 28. Nf3 Re8 29. Rxe8+ Rxe8 30. Be5 f6 31. Bd4 Qf5 32. Be3 Rd8 33. Nd4 Qe4
34. c5 Kh8 35. Kh1 f5 36. f3 Qe5 37. Kg1 Re8 38. Bf2 Qf6 39. Kf1 Qe5 40. Be1 f4
41. Nc2 Qe2+ 42. Kg1 Rd8 43. Nd4 Qe5 44. Bf2 Rd5 45. a4 a5 46. Kh2 b6 47. cxb6
c5 48. bxc5 Rxc5 49. Qb2 Rc4 50. b7 Rb4 51. Qc3 h6 52. Qc8+ Kh7 53. Nc6 Qb2 54.
b8=Q Rxb8 55. Qxb8 Qxf2 56. Qxf4 Qb6 57. Qe4+ g6 58. Qd5 Qc7+ 59. Ne5 Kh8 60.
f4 Qc1 61. Qd8+ 1-0

[Event "OHS 2020"]
[Site "Herne-Sodingen"]
[Date "2020.01.28"]
[Round "1.21"]
[White "Wingerning, Gerd"]
[Black "Schmidt, Rolf-Günther"]
[Result "1-0"]
[WhiteElo "1740"]
[BlackElo "995"]
[PlyCount "103"]
[EventDate "2020.??.??"]
[WhiteTeam "SC Buer-Hassel 1919 e. V."]
[BlackTeam "Recklinghäuser Schachgemeinschaf"]

1. e4 e5 2. Nf3 Nf6 3. Nc3 Nc6 4. Bc4 h6 5. d3 Bb4 6. Bd2 O-O 7. a3 Bxc3 8.
Bxc3 d6 9. h3 Re8 10. O-O Be6 11. Re1 a6 12. b4 b5 13. Ba2 Bxa2 14. Rxa2 a5 15.
bxa5 Nxa5 16. Qb1 Qd7 17. Rb2 c6 18. Rb4 Qc7 19. a4 Nd7 20. axb5 cxb5 21. Bd2
Reb8 22. Rxb5 Rxb5 23. Qxb5 Nc6 24. c3 Ra5 25. Qb1 Nc5 26. d4 Nd7 27. Rc1 Ra6
28. Qd3 Ra3 29. Qb5 Ra5 30. Qb3 Qa7 31. dxe5 dxe5 32. Be3 Qa8 33. Rb1 Ne7 34.
Qb7 Qe8 35. Qc7 Ra8 36. Rb7 Rd8 37. Nxe5 Nxe5 38. Qxe5 Ng6 39. Qxe8+ Rxe8 40.
f3 Rc8 41. Bd4 Nf4 42. Kf2 Ne6 43. g3 Rc4 44. Ke3 Ng5 45. h4 Nh3 46. Rb1 g5 47.
Rh1 gxh4 48. Rxh3 Ra4 49. Rxh4 Ra5 50. Rh3 Kf8 51. f4 Ke7 52. e5 1-0

[Event "OHS 2020"]
[Site "Herne-Sodingen"]
[Date "2020.01.28"]
[Round "1.22"]
[White "Wolff, Manuela"]
[Black "Olbrich, Peter"]
[Result "0-1"]
[WhiteElo "738"]
[BlackElo "1717"]
[PlyCount "74"]
[EventDate "2020.??.??"]
[WhiteTeam "SC Buer-Hassel 1919 e. V."]
[BlackTeam "SF Gelsenkirchen 2002"]

1. d4 Nf6 2. Nf3 g6 3. g3 Bg7 4. Bg2 d6 5. c4 O-O 6. Nc3 Nc6 7. O-O a6 8. Be3
Rb8 9. Rb1 Ng4 10. Qd2 Nxe3 11. Qxe3 Bf5 12. Rbd1 Na5 13. b3 c6 14. Qd2 c5 15.
d5 b5 16. e4 Bg4 17. Qe3 bxc4 18. h3 Bxf3 19. Qxf3 cxb3 20. a3 Nc4 21. a4 Qa5
22. Rd3 Ne5 23. Qe3 Nxd3 24. Qxd3 Qxc3 25. Qxc3 Bxc3 26. Rb1 Bd4 27. Bf1 a5 28.
Kg2 Rfc8 29. f3 c4 30. Rd1 b2 31. h4 b1=Q 32. Rxb1 Rxb1 33. Be2 c3 34. Ba6 c2
35. Bxc8 c1=Q 36. Kh3 h5 37. Ba6 Qh1# 0-1

[Event "OHS 2020"]
[Site "Herne-Sodingen"]
[Date "2020.02.03"]
[Round "2.1"]
[White "Melmer, Felix"]
[Black "Quast, Marcel"]
[Result "0-1"]
[WhiteElo "1833"]
[BlackElo "2236"]
[PlyCount "22"]
[EventDate "2020.??.??"]
[WhiteTeam "SC Gerthe 46 - Werne"]
[BlackTeam "SC Gerthe 46 - Werne"]

1. d4 d6 2. c4 f5 3. Nc3 Nf6 4. Bg5 Nbd7 5. d5 g6 6. Nf3 Bg7 7. Nd4 Nc5 8. b4
Nfe4 9. Nxe4 Nxe4 10. h4 c5 11. bxc5 Qa5+ 0-1

[Event "OHS 2020"]
[Site "Herne-Sodingen"]
[Date "2020.02.03"]
[Round "2.2"]
[White "Koscielski, Janusz"]
[Black "Boost, Jürgen"]
[Result "1-0"]
[WhiteElo "2215"]
[BlackElo "1807"]
[PlyCount "67"]
[EventDate "2020.??.??"]
[WhiteTeam "SV Wattenscheid 1930 e"]
[BlackTeam "SC Gerthe 46 - Werne"]

1. e4 e5 2. Nf3 Nc6 3. Nc3 Nf6 4. Bb5 Bc5 5. Nxe5 Nxe5 6. d4 a6 7. Ba4 b5 8.
dxe5 bxa4 9. exf6 Qxf6 10. O-O Bb7 11. Nd5 Bxd5 12. Qxd5 Qc6 13. Qxc6 dxc6 14.
Rd1 Rd8 15. Bf4 Bb6 16. Rxd8+ Kxd8 17. Rd1+ Kc8 18. Kf1 Re8 19. f3 Re6 20. h3
Bc5 21. Rd3 Bd6 22. Bxd6 Rxd6 23. Ke2 Rg6 24. g4 c5 25. Kd2 Rb6 26. Kc3 c4 27.
Rd5 a3 28. bxa3 Rh6 29. Rf5 Rxh3 30. Rxf7 g6 31. Kxc4 h5 32. gxh5 gxh5 33. e5
Rh2 34. e6 1-0

[Event "OHS 2020"]
[Site "Herne-Sodingen"]
[Date "2020.02.03"]
[Round "2.3"]
[White "Gritzan, Ulrich"]
[Black "Kiese, Matthias"]
[Result "0-1"]
[WhiteElo "1805"]
[BlackElo "2176"]
[PlyCount "98"]
[EventDate "2020.??.??"]
[WhiteTeam "SF Gelsenkirchen 2002"]
[BlackTeam "Bochumer SV 02"]

1. d4 d5 2. c4 e6 3. Nc3 Nf6 4. cxd5 exd5 5. Nf3 c6 6. Bg5 Be7 7. Qc2 g6 8. e3
Bf5 9. Bd3 Bxd3 10. Qxd3 Nbd7 11. O-O O-O 12. Rab1 a5 13. a3 a4 14. Qc2 Qa5 15.
Ne5 Rfe8 16. Nd3 Ne4 17. Bxe7 Rxe7 18. Rfc1 Nd6 19. Nb4 Nb6 20. Qd3 Nbc4 21.
Rc2 Rae8 22. Re1 f5 23. g3 Ne4 24. Ree2 Re6 25. Qd1 Nxb2 26. Qb1 Nc4 27. Qa1 b5
28. Nd1 Qd8 29. Nd3 Qd6 30. Ra2 Nf6 31. Nc5 R6e7 32. Nb2 g5 33. Nbd3 h5 34. Qd1
h4 35. gxh4 Ng4 36. f4 Ngxe3 37. Qe1 gxf4 38. Kh1 f3 39. Rf2 Kh7 40. Rxf3 Ng4
41. Qg3 Re3 42. Qxd6 Nxd6 43. Rxe3 Rxe3 44. Nb4 f4 45. Kg1 f3 46. Ncd3 Ne4 47.
h3 f2+ 48. Nxf2 Ngxf2 49. Rxf2 Nxf2 0-1

[Event "OHS 2020"]
[Site "Herne-Sodingen"]
[Date "2020.02.03"]
[Round "2.4"]
[White "Ophüls, Jan"]
[Black "Kowalczyk, Frank"]
[Result "1-0"]
[WhiteElo "2090"]
[BlackElo "1754"]
[PlyCount "75"]
[EventDate "2020.??.??"]
[WhiteTeam "SK Turm Rheydt 1929 e. V"]
[BlackTeam "SK Sodingen/Castrop 24/23 e. V."]

1. e4 e5 2. Nf3 Nc6 3. Bc4 Be7 4. O-O Nf6 5. Re1 O-O 6. d3 d6 7. a4 h6 8. c3
Re8 9. Qb3 Rf8 10. a5 a6 11. Nbd2 Nh7 12. d4 Ng5 13. Bd5 Nxf3+ 14. Nxf3 Bf6 15.
Be3 Ne7 16. dxe5 Nxd5 17. exd5 dxe5 18. h3 Re8 19. Rad1 g5 20. c4 Bg7 21. c5 g4
22. Nd2 gxh3 23. g3 Kh8 24. d6 cxd6 25. Qxf7 Rf8 26. Qg6 Rf6 27. Qe4 d5 28. Nc4
Bf5 29. Qxe5 Be4 30. Nd6 Qf8 31. Nxe4 Rxf2 32. Qh5 Rg2+ 33. Kh1 dxe4 34. Qxh3
Rxb2 35. Rf1 Qc8 36. Rd7 Qc6 37. Rxg7 Kxg7 38. Bd4+ 1-0